000 00638nam a22001937a 4500
005 20251108175455.0
008 250721s2004 xx 000 0 ara d
082 1 4 _a412/شوك
100 1 _aالشوكاني، محمد بن علي
245 1 0 _aنزهة الأحداق في علم الاشتقاق /
264 1 _aالقاهرة :
_bالمكتب الاسلامي لإحياء التراث،
_c2004.
300 _a80 ص.
650 1 7 _aقواعد اللغة
650 1 7 _aاللغة العربية
653 _aعلم الإشتقاق
700 1 _aباطاهر، بن عيسى
_eمحقق
942 _2ddc
_cBK
999 _c134983
_d134983